Karanlık yol : (Kayıt no. 10383)
[ düz görünüm ]
| 000 -BAŞLIK | |
|---|---|
| Sabit Uzunluktaki Kontrol Alanı | 01198nam a22002537a 4500 |
| 003 - KONTROL NUMARASI KİMLİĞİ | |
| Kontrol Alanı | KOHA_MİRAKIL |
| 005 - EN SON İŞLEM TARİHİ ve ZAMANI | |
| Kontrol Alanı | 20260511070438.0 |
| 008 - SABİT UZUNLUKTAKİ VERİ ÖGELERİ - GENEL BİLGİ | |
| Sabit Alan | 260507b tu ||||| |||| 00| 0 tur d |
| 020 ## - ISBN - ULUSLARARASI STANDART KİTAP NUMARASI | |
| Isbn | 9786052222928 |
| 040 ## - KATALOGLAMA KAYNAĞI | |
| Özgün Kataloglama Kurumu | TR-AnABB |
| Kataloglama Dili | tur |
| Çeviri Kurumu | TR-AnABB |
| 041 ## - DİL KODU | |
| Metin ya da ses kaydının dil kodu | tur |
| 082 ## - DEWEY ONU SINIFLAMA SİSTEMİ | |
| Sınıflama Numarası | 320.109 561 |
| Cutter numarası | GOK 2024 |
| 100 1# - KİŞİ ADI | |
| Yazar Adı (Kişi adı) | Gökdemir, Orhan |
| 245 10 - ESER ADI BİLDİRİMİ | |
| Başlık | Karanlık yol : |
| Alt Eseradı vb. | Nakşi- Halidi tarikatı tarihi / |
| Sorumluluk Bildirimi | Orhan Gökdemir |
| 250 ## - BASIM BİLDİRİMİ | |
| Basım Bildirimi | 2. baskı |
| 260 ## - YAYIN, DAĞITIM, VB. | |
| Yayın Yeri | İstanbul : |
| Yayınevi | Yazılama yayınevi, |
| Yayın Tarihi | 2024 |
| 300 ## - FİZİKSEL TANIMLAMA | |
| Sayfa, Cilt vb. | 396 sayfa ; |
| Boyutları | 20 cm |
| 490 0# - DİZİ BİLDİRİMİ | |
| Dizi Bildirimi | Yazılama yayınevi ; |
| Cilt Numarası | 255 |
| 490 0# - DİZİ BİLDİRİMİ | |
| Dizi Bildirimi | Türkiye yazıları ; |
| Cilt Numarası | 51 |
| 505 ## - İÇİNDEKİLER NOTU | |
| İçindekiler Notu | İçindekiler: Yolu asr-ı saadet'ten başlatmak - 31 Mart: Büyük Halidi Ayaklanması - Cumhuriyetten Sonra halidilik - Türkler ve Kürtler: Nakşi Kardeşliği nereye kadar - Karanlık Yol koalisyonu - Türkiye tarikat haritası - Halidliğin ülkücü kolu - Tarikatların dini - Necip Fazıl: Tayyiban Rejimin ideoloğu - Cumhuriyet ve tarikatlar - 12 Eylül'den sonra dinselleşme ve tarikatlar - Tarikat holding - Okyanus ötesi halidi |
| 650 04 - KONU BAŞLIĞI EK GİRİŞ - KONU TERİMİ | |
| Konusal terim veya coğrafi ad | Din ve siyaset ilişki, Türkiye |
| 900 ## - YEREL BİLGİ | |
| Kontrol | Can ÇELIK |
| 942 ## - EK GİRİŞ ÖGELERİ (KOHA) | |
| Sınıflama Kaynağı | Dewey Decimal Classification |
| Materyal Türü | Kitap |
| Geri Çekilme Durumu | Kayıp Durumu | Sınıflandırma Kaynağı | Kredi için değil | Kalıcı Konum | Mevcut Konum | Kayıt Tarih | Toplam Ödünçverme | Yer Numarası | Demirbaş Numarası | Son Görülme Tarihi | Fatura Tarihi | Materyal Türü |
|---|---|---|---|---|---|---|---|---|---|---|---|---|
| Dewey Decimal Classification | Prof. Dr. Ruşen Keleş Kütüphanesi | Prof. Dr. Ruşen Keleş Kütüphanesi | 07/05/2026 | 320.109 561 GOK 2024 | RK8276 | 07/05/2026 | 07/05/2026 | Kitap |
